| 000 | 00772nam a2200229 a 4500 | ||
|---|---|---|---|
| 999 |
_c2088 _d2088 |
||
| 001 | 2088 | ||
| 003 | BD-JhCC | ||
| 005 | 20171107184138.0 | ||
| 008 | 171029s1998 bg a|||| |||| 000 0 ben d | ||
| 020 | _a9848106421 | ||
| 035 | _a(BD-JhCC)2088 | ||
| 040 |
_aBD-JhCC _dBD-JhCC |
||
| 041 | _aben | ||
| 082 |
_a891.4435 _bCHO 1998 |
||
| 245 |
_aছোটদের নির্বাচিত মুক্তিযুদ্ধের সেরা গল্প / _cমনযূর উল করীম |
||
| 260 |
_aঢাকা : _bসূচিপত্র, _c১৯৯৮. |
||
| 300 |
_a১৯৯ পৃ. : _bill. ; _c২১ সেমি. |
||
| 650 | _aCollection of liberation story | ||
| 700 | _aমনযূর উল করীম | ||
| 942 |
_2ddc _cBK |
||